000 00374nam a2200157Ia 4500
008 230711s9999||||xx |||||||||||||| ||und||
041 _aENG
082 _a4
_bUF-M
100 _aUffenbeck,John
245 0 _aMicrocomputers and microprocessor
250 _a3rd . Ed.
260 _c2006
_aNew Delhi
_bPearson
300 _a729
650 _aComputer Engineering
942 _cBK
999 _c4577
_d4577